000
00273nam a2200109Ia 4500
008
200302s9999 xx 000 0 und d
100
_a
Harold Spencer
245
_a
Readings in Art History Vol 2
260
_b
Charles Scribners Sons. Inc.
260
_c
1969
300
_a
407 P.,
999
_c
2210
_d
2210